| 000 | 00526nam a22001697a 4500 | ||
|---|---|---|---|
| 999 |
_c26742 _d26742 |
||
| 003 | BDDh-ASL | ||
| 005 | 20231015030659.0 | ||
| 008 | 211018s1901 ii ||||| |||| 00| 0 u d | ||
| 040 |
_aBDDh-ASL _cBDDh-ASL |
||
| 082 |
_a297.3 _bBAT |
||
| 100 | 1 |
_95141 _aBakhsh, Maulavi Mohamamd Khuda |
|
| 245 | 1 | 0 | _aTahqiq-e Haq Fi Tardid-e Na Haq : / تحقيق حق فی ترديد نا حق |
| 260 |
_aLucknow : _bAli Mohammad Khan , _c1901. |
||
| 300 |
_a24 p. : _c25 cm. |
||
| 650 | 0 |
_95142 _a Islamic Discourse |
|
| 942 |
_2ddc _cBK |
||